00301nam a2200121 a 4500008004100000020001500041050001400056100001700070245001500087246003000102260003800132350000900170120416s1994 ||||||||||||||||| || u a052149852X aHA 29 Fra aFrank, Harry10aStatistics aconcepts and applications aCambridgebUniversity pressc1994 a0.00